000
00298nam a22001457a 4500
003
SGT
020
_a
9789353062019
082
_a
621.38,MAN
100
_a
MANO, MORRIS M.
245
_a
DIGITAL DESIGN
250
_a
6TH
260
_a
NEW DELHI
_b
PEARSON
_c
2024
300
_a
765
942
_2
ddc
_c
BK
999
_c
28340
_d
28340